| 000 | 00943nam a22002651u 4500 | ||
|---|---|---|---|
| 001 | 05511 | ||
| 003 | HDC | ||
| 007 | cr bn --- | ||
| 008 | 210120p xx fo d 00 engg | ||
| 040 | _aHDC | ||
| 100 |
_aLEONARD ARIFF ABDUL SHATAR _95760 |
||
| 245 | 0 |
_aWORLD HALAL RESEARCH SUMMIT 2010 : _bCCM : Championing Halal Pharmaceuticals / _cby LEONARD ARIFF ABDUL SHATAR |
|
| 260 |
_a[No place] : _b[publisher not identified], _c2010 |
||
| 300 |
_a67 pages : _bIllustrations |
||
| 336 |
_atext _2rdacontent |
||
| 337 |
_acomputer _2rdamedia |
||
| 338 |
_aonline resource _2rdacarrier |
||
| 650 |
_aHalal industry _9144 |
||
| 650 |
_aHalal Pharmaceuticals _91242 |
||
| 650 |
_aHalal products _9642 |
||
| 856 | _zRequest full-text at [email protected] | ||
| 942 | _2lcc | ||
| 942 | _cSLIDE | ||
| 942 | _kSLID 000423 | ||
| 999 |
_c2835 _d2835 |
||